000 00704nam a2200205 i 4500
001 bg
100 1 _aCZECH, Ludmiła
245 0 _aInwolucyjne przekształcenia kwadratowe w ujęciu geometrii konstrukcyjnej /
_cLudmiła Czech.
260 _aKraków :
_bPK,
_c1992.
300 _a120, [1] s. :
_brys., wykr. ;
_c24 cm.
490 1 _aMonografia / Politechnika Krakowska im. Tadeusza Kościuszki,
_x0860-097X ;
_v133
504 _aBibliogr. s. 115-116.
710 _aPOLITECHNIKA KRAKOWSKA (Kraków)
830 0 _aMonografia (Politechnika Krakowska im. Tadeusza Kościuszki) ;
_v133
040 _cBPK
041 _apol
080 _a514.1
942 _cKS
008 s pl f |000 0 pol
999 _c29987
_d29987
856 _uhttp://koha.tu.koszalin.pl/cgi-bin/koha/opac-detail.pl?biblionumber=29987
_yKatalog online BPK